Complex analysis with vector calculus / (Record no. 29549)

000 -LEADER
fixed length control field 00584 a2200169 4500
020 ## - INTERNATIONAL STANDARD BOOK NUMBER
International Standard Book Number 1842653601
020 ## - INTERNATIONAL STANDARD BOOK NUMBER
International Standard Book Number 9781842653609
082 ## - DEWEY DECIMAL CLASSIFICATION NUMBER
Classification number 515.9
090 ## - LOCALLY ASSIGNED LC-TYPE CALL NUMBER (OCLC); LOCAL CALL NUMBER (RLIN)
-- 928
-- 928
100 1# - MAIN ENTRY--PERSONAL NAME
Personal name Cooray, T.M.J.A.
245 10 - TITLE STATEMENT
Title Complex analysis with vector calculus /
Statement of responsibility, etc. T.M.J.A. Cooray.
260 ## - PUBLICATION, DISTRIBUTION, ETC.
Place of publication, distribution, etc. [S.l.] :
Name of publisher, distributor, etc. Alpha Science Int'l Ltd,
Date of publication, distribution, etc. 2006.
300 ## - PHYSICAL DESCRIPTION
Extent 368 p. ;
Dimensions 25 cm.
700 ## - ADDED ENTRY--PERSONAL NAME
Personal name Cooray, T.M.J.A.
942 ## - ADDED ENTRY ELEMENTS (KOHA)
Institution code [OBSOLETE] SNS
Koha item type Book
Call number prefix 515.9 COO
Holdings
Withdrawn status Lost status Damaged status Not for loan Permanent Location Current Location Date acquired Total Checkouts Full call number Barcode Date last seen Date last checked out Price effective from Koha item type
        School of Natural Sciences (SNS) School of Natural Sciences (SNS) 05/26/2016 1 515.9 COO SNS0001097 05/15/2017 05/15/2017 05/26/2016 Book
© 2023 Central Library, National University of Sciences and Technology. All Rights Reserved.